00805nam a22002297a 4500003000400000020001500004082001600019100003000035245002900065250000600094260004600100300001700146546001300163650006100176650004300237650004300280650002800323650004800351942001200399999001900411952014500430OSt a0199451168 a658bDIP/OR aDipak Kumar Bhattacharyya aOrganizational behaviour a2 aNew DelhibOxford University Press c2014 axxiii, 583p. aEnglish  aIntroduction to organizational behaviour and management  aEvolution of organizational behaviour  aOrganizational strategies and policies aOrganizational culture  aGlobalization and organizational behaviour  2ddccBK c156401d156401 00102ddc40708GenaKAUCLVbKAUCLVcGENERALd2017-07-14g475.00l3m1o658 DIP/ORp226179r2022-08-10 00:00:00s2022-08-10w2017-07-14yBK